Wtatt's Hurricane
Hurricane Mabel is going to be very nasty indeed. David Wyatt, ayoung weather scientist, has a strangefeeling about Mabel. She should stay out at sea and not come near the Caribbean island of San Fernandez. But Wyatt believes she will change direction and hit the island. He can't explain why -...
Đã lưu trong:
| 主要作者: | |
|---|---|
| 格式: | 圖書 |
| 語言: | Undetermined |
| 出版: |
Oxford
Oxford Univ. Press
1998
|
| 主題: | |
| 標簽: |
添加標簽
沒有標簽, 成為第一個標記此記錄!
|
| Thư viện lưu trữ: | Trung tâm Học liệu Trường Đại học Cần Thơ |
|---|
| LEADER | 01188nam a2200217Ia 4500 | ||
|---|---|---|---|
| 001 | CTU_34902 | ||
| 008 | 210402s9999 xx 000 0 und d | ||
| 020 | |b 16000 | ||
| 082 | |a 823.9 | ||
| 082 | |b B146 | ||
| 100 | |a Baglet, Desmond | ||
| 245 | 0 | |a Wtatt's Hurricane | |
| 245 | 0 | |c Desmond Baglet ( Retold by ) | |
| 260 | |a Oxford | ||
| 260 | |b Oxford Univ. Press | ||
| 260 | |c 1998 | ||
| 520 | |a Hurricane Mabel is going to be very nasty indeed. David Wyatt, ayoung weather scientist, has a strangefeeling about Mabel. She should stay out at sea and not come near the Caribbean island of San Fernandez. But Wyatt believes she will change direction and hit the island. He can't explain why - he just knows he is right. While Mabel moves slowly northwards, some people on San Fernandez are worrying about another danger - war, which also brings death. War seems more important to them. They can flight a war, and win. But they can't fight a hurricane, so they should listen to Wyatt... before it is too late. | ||
| 650 | |a English fiction,English literature | ||
| 650 | |y 20th century | ||
| 904 | |i Minh, Qhieu đã sửa | ||
| 980 | |a Trung tâm Học liệu Trường Đại học Cần Thơ | ||